000 00503nam a2200181Ia 4500
999 _c13549
_d13549
003 OSt
005 20201020111138.0
008 190216s9999||||xx |||||||||||||| ||und||
020 _a5050028035
040 _coclc
082 _a891.733
_bDOS/D
100 _aDostoyevsky, Fyodor
_94641
245 4 _aThe Idiot /
_cFyodor Dostoyevsky
260 _bRaduga Pub,
_c1989.
_aMoscow:
300 _a390p
650 _aEnglish Novel
942 _cBK
_2ddc
_h891.733
_iDOST/D
_k891.733
_mDOST/D